Spoločná cesta - spoločné ciele Z návštevy Mengistu Hailu Marianna v Československu

Podrobná bibliografia
Hlavný autor: -er- (Autor)
Médium: Článok
Jazyk:slovenčina
Predmet:

MARC

LEADER 00000nab a2200000 a 4500
001 vtls000013488
003 SK-MaSNL
005 20260304041054.0
008 111103c1978 xo 0 slo
015 |a SNBRB19rr/mm-uuuuu 
035 |a CL0023582 
040 |a SNKBUCL  |b slo  |c SNKBUCL  |e AACR2 
041 0 |a slo 
044 |a xo  |c SK 
080 |a 327(437)  |2 1981 
080 |a 327(100)  |2 1981 
100 1 |a -er-  |4 aut  |9 925384 
245 1 0 |a Spoločná cesta - spoločné ciele  |b Z návštevy Mengistu Hailu Marianna v Československu  |c -er- 
650 0 7 |a ČSSR  |2 snkbucl  |9 335647 
651 7 |a Etiópia  |2 snkbucl  |9 15969 
655 7 |a články z novín a časopisov  |2 snkbucl  |9 267496 
773 0 |t Sloboda  |g Roč. 33, č. 51 (15. 12. 1978), s. 2 
850 |a Slovenská národná knižnica v Martine  |a MTA001 
852 |a SNK  |b KIS3GCP 
958 |a RK 
992 |a RBX 
999 |c 2666400  |d 2668330